000 00561nam a2200229Ia 4500
003 OSt
005 20220926043806.0
006 a|||||r|||| 00| 0
007 ta
008 220923b |||||||| |||| 00| 0 eng d
037 _cGeneral Book
040 _aRTL
_cRTL
_beng
041 _2eng
_aeng
082 _aH41, K2
100 _aMoore Patrick
_9249251
245 0 _aEathquakes and volcanoes
260 _c1950
490 _aTrue Books
650 _aGeology
_915465
942 _hH41, K2
_cGB
_2CC
999 _c673177
_d673177